000
00333 a2200109 4500
001
ART_39677
005
20260410162012.0
008
260409a
245
1
0
_a
El Mercosur
100
1
_a
Radisic, Alicia
773
0
_t
Propuestas para la sociedad, el gobierno y la producción
_g
- Año 9, Nº 13 (mayo 2006)
_w
REV39547
999
_c
32305
_d
32305